LEADER 00805nam0 2200253 450 001 000009228 005 20080327125740.0 010 $a0-387-90027-6 100 $a20080327d1971----km-y0itay50------ba 101 0 $aeng 102 $aUS 105 $ay-------001yy 200 1 $aCombinatorial methods$fJ. K. Percus 210 $aNew York$aHeidelberg$aBerlin$cSpringer$d1971 215 $aIX, 194 p.$cill.$d26 cm 225 2 $aApplied mathematical sciences$v0004 410 0$12001$aApplied mathematical sciences$v0004 676 $a511.6$v20$9Matematica. Analisi combinatoria 700 1$aPercus,$bJerome K.$049778 801 0$aIT$bUNIPARTHENOPE$c20080327$gRICA$2UNIMARC 912 $a000009228 951 $aAMS-510/4$b22283$cNAVA1$d20080327 996 $aCombinatorial methods$9168087 997 $aUNIPARTHENOPE